عرض عادي
عرض مارك
- University of Birmingham.
مدخل إسم هيئة
001 - رقم الضبط
- حقل الضبط: 6226
003 - معرف رقم الضبط
- حقل الضبط: OSt
005 - تاريخ ووقت أخر عملية
- حقل الضبط: 20111103025007.0
008 - عناصر بيانات ثابتة الطول
- حقل تحكم ثابت الطول: 111103|||a|||||| | ||| d
040 ## - مصدر الفهرسة
- هيئة الفهرسة الأصلية: OSt
- وكالة الكتابة: OSt
110 ## - مدخل -- أسم شخص
- اسم الهيئه او اسم السلطه كعنصر مدخل: University of Birmingham.
670 ## - بيانات المصدر موجوده
- الاستشهاد بالمصدر: Work cat.: (OSt): Collins COBUILD English usage, 1992
